| 000 | 01154nam0a2200313 4500 | ||
|---|---|---|---|
| 001 | RU\NLR\bibl\80031 | ||
| 005 | 20260405071529.0 | ||
| 010 | _a5-85133-016-3 | ||
| 021 |
_aRU _b1999-39289 _91938 |
||
| 035 | _a(NLR Aleph) 000078131 | ||
| 090 |
_a433919 _c433919 |
||
| 100 | _a20000411d1997 |||y0rusy50 ca | ||
| 101 | 0 | _arus | |
| 102 | _aRU | ||
| 105 | _ay ||||||||| | ||
| 200 | 1 |
_aЦиклы и волны модернизации как феномен социального развития _fВ.И.Пантин |
|
| 210 |
_aМ. _cМоск. филос. фонд _d1997 |
||
| 215 |
_a190,[1] с. _d20 |
||
| 320 | _aБиблиогр.: с.185-190 | ||
| 606 | 0 |
_aСоциальное развитие _xЦикличность _xСоциально-философские вопросы _92162487 _3RU\NLR\auth\661301324 |
|
| 686 | _aЮ6 | ||
| 686 | _aС508.0 | ||
| 700 | 1 |
_4070 _8rus _7ca _aПантин _bВ. И. _f1954- _gВладимир Игоревич _3RU\NLR\auth\7724465 _97516 |
|
| 801 | 0 |
_aRU _bNLR _c20000411 _gPSBO |
|
| 801 | 1 |
_aRU _bNLR _c20000411 |
|
| 852 |
_aNLR _j2000-3/976 |
||
| 942 | _cBOOK | ||
| 980 | _aNB | ||